[Event "10th Mirko Srajber Mem"]
[Site "Subotica SRB"]
[Date "2008.12.17"]
[Round "1"]
[White "Roganovic,Milo"]
[Black "Bogosavljevic,B"]
[Result "1-0"]
[WhiteElo "2458"]
[BlackElo "2541"]

1.e4 c5 2.Nf3 Nc6 3.Bb5 d6 4.O-O Bd7 5.Re1 Nf6 6.Na3 a6 7.Bxc6 Bxc6 8.e5 dxe5
9.Nxe5 Rc8 10.Nac4 g6 11.b3 Bd5 12.a4 Bg7 13.a5 O-O 14.Bb2 Nh5 15.Nb6 Rc7
16.Ra4 f6 17.Nxd5 Qxd5 18.Nd3 Bh6 19.Bc3 e5 20.Qg4 Ng7 21.Qc4 Qxc4 22.Rxc4 Ne6
23.g3 Rfc8 24.Nb2 Ng5 25.Kg2 Nf7 26.Ra4 Nd6 27.Nc4 Nb5 28.Bb2 Rd8 29.d3 Kf7
30.Re4 Bg7 31.Ra1 Na7 32.g4 Nc6 33.g5 fxg5 34.Bxe5 Re7 35.Rae1 Nb4 36.Nd6+ Kg8
37.Bxg7 Rxe4 38.Nxe4 Kxg7 39.Nxc5 Rd5 40.Re7+ Kh6 41.Rc7 Rf5 42.c4 Nc2 43.b4 Nxb4
44.d4 Rf4 45.d5 Rxc4 46.d6 Nd5 47.d7 Rd4 48.Rxb7 Nf6 49.h3 g4 50.h4 Rd1 51.Rb8 Nxd7
52.Rd8 Rd5 53.Nxd7 g5 54.h5 Rxa5 55.Nf6 Rf5 56.Rd6 a5 57.Ne8+  1-0

[Event "XXI Carlos Torre"]
[Site "Merida MEX"]
[Date "2008.12.18"]
[Round "7"]
[White "Garcia,Gild"]
[Black "Martinez,Lel"]
[Result "0-1"]
[WhiteElo "2410"]
[BlackElo "2485"]

1.e4 c5 2.Nf3 Nc6 3.Bb5 e6 4.O-O Nge7 5.b3 a6 6.Bxc6 Nxc6 7.Bb2 d6 8.d4 cxd4
9.Nxd4 Bd7 10.Nd2 Nxd4 11.Bxd4 b5 12.Re1 Bc6 13.Qg4 h5 14.Qg3 h4 15.Qe3 h3
16.g3 e5 17.Bb6 Qf6 18.c4 g6 19.Qd3 Bh6 20.Be3 Bxe3 21.Qxe3 O-O 22.Rac1 Rfc8
23.Rc2 bxc4 24.Rxc4 d5 25.exd5 Bxd5 26.Rh4 Rc2 27.Ne4 Bxe4 28.Rxe4 Rd8 29.Rxe5 Rdd2
30.Re8+ Kh7 31.Rf1 Re2  0-1

[Event "CCF Christmas Int"]
[Site "Coulsdon ENG"]
[Date "2008.12.19"]
[Round "8"]
[White "Zhou,Y"]
[Black "Savage,B"]
[Result "1/2-1/2"]
[WhiteElo "2276"]
[BlackElo "2308"]

1.e4 c5 2.Nf3 Nc6 3.Bb5 Nf6 4.Bxc6 dxc6 5.d3 g6 6.h3 Bg7 7.Nc3 O-O 8.Be3 b6
9.Qd2 e5 10.Bh6 Qd6 11.g4 a5 12.Bxg7 Kxg7 13.a4 Ra7 14.O-O-O Be6 15.Ng5 Rb8
16.f4 exf4 17.Rdf1  1/2-1/2

[Event "15th Croatian Open A"]
[Site "Zadar CRO"]
[Date "2008.12.19"]
[Round "8"]
[White "Stevic,H"]
[Black "Jovanic,O"]
[Result "1/2-1/2"]
[WhiteElo "2588"]
[BlackElo "2515"]

1.e4 c5 2.Nf3 Nc6 3.Bb5 e6 4.O-O Nge7 5.b3 a6 6.Bxc6 Nxc6 7.Bb2 b5 8.Na3 Qb6
9.c4 Nd4 10.Nxd4 cxd4 11.Qh5 Bc5 12.cxb5 axb5 13.Rfc1 d6 14.b4 Bxb4 15.Qxb5+ Qxb5
16.Nxb5 O-O 17.Bxd4 Bxd2 18.Rc2 Bf4 19.g3  1/2-1/2

[Event "8th Amplico AIG Life Rapid"]
[Site "Warsaw POL"]
[Date "2008.12.20"]
[Round "5"]
[White "Macieja,B"]
[Black "Vlasova,N"]
[Result "1-0"]
[WhiteElo "2600"]
[BlackElo "2231"]

1.e4 c5 2.Nf3 Nc6 3.Bb5 Nd4 4.Nxd4 cxd4 5.O-O g6 6.d3 Bg7 7.Nd2 a6 8.Bc4 d6
9.f4 Nf6 10.Nf3 O-O 11.Bb3 b5 12.Qe1 Bb7 13.f5 Qd7 14.Nxd4 Nxe4 15.Ne6 Nc5
16.Nxf8 Rxf8 17.fxg6 hxg6 18.Qh4 Qc6 19.Rf2 Nxb3 20.axb3 Re8 21.Bh6 Bxb2
22.Re1 Bf6 23.Bg5 Qc3 24.Rxf6  1-0

[Event "8th Amplico AIG Life Rapid"]
[Site "Warsaw POL"]
[Date "2008.12.20"]
[Round "5"]
[White "Deszczynski,A"]
[Black "Piorun,K"]
[Result "1-0"]
[WhiteElo "2352"]
[BlackElo "2472"]

1.e4 c5 2.Nf3 Nc6 3.Bb5 g6 4.O-O Bg7 5.c3 Nf6 6.Re1 O-O 7.h3 d6 8.d4 cxd4
9.cxd4 a6 10.Bf1 Bd7 11.Nc3 Qa5 12.Bd2 Rfc8 13.Nd5 Qd8 14.Bg5 e6 15.Nxf6+ Bxf6
16.Bxf6 Qxf6 17.e5 Qe7 18.a3 Be8 19.Qd2 Rd8 20.Qf4 dxe5 21.dxe5 Kg7 22.Rad1 Rxd1
23.Rxd1 Rd8 24.Rd3 Rxd3 25.Bxd3 Qc5 26.Be4 Qe7 27.b4 Nd8 28.Nd4 Qd7 29.Qf6+ Kg8
30.Nf3 Nc6 31.h4 h5 32.Kh2 Ne7 33.Ng5 Nd5 34.Bxd5 Qxd5 35.Qf4 Kg7 36.f3 Qd3
37.Ne4 Qd7 38.Qf6+ Kg8 39.Nd6 b6 40.a4 Kh7 41.b5 axb5 42.axb5 Kg8 43.Kg3 Kh7
44.Kf4 Kg8 45.Kg5 Kh7 46.g3  1-0

[Event "8th Amplico AIG Life Rapid"]
[Site "Warsaw POL"]
[Date "2008.12.20"]
[Round "6"]
[White "Muzychuk,M"]
[Black "Szczepaniec,S"]
[Result "1-0"]
[WhiteElo "2436"]
[BlackElo "2119"]

1.e4 c5 2.Nf3 Nc6 3.Bb5 g6 4.O-O Bg7 5.c3 Nf6 6.d4 d5 7.exd5 Qxd5 8.c4 Qd6
9.d5 a6 10.Ba4 b5 11.cxb5 Nb4 12.bxa6+ Bd7 13.Nc3 Rxa6 14.Bxd7+ Qxd7 15.Ne5 Qf5
16.Qe2 O-O 17.Nc6 Rxc6 18.dxc6 Nxc6 19.Be3 Nd4 20.Qc4 Nc2 21.Qxc5 Nxa1 22.Rxa1 Rc8
23.Qxf5 gxf5 24.a4 Ng4 25.Nd5 Kf8 26.Rb1 e6 27.Nb6 Rc6 28.Bc5+ Ke8 29.b4 Be5
30.h3 Nf6 31.a5 Nd7 32.Nxd7 Kxd7 33.Rd1+ Kc8 34.Bb6 Bc7 35.b5 Rc4  1-0

[Event "TCh-HUN 2008-9"]
[Site "Budapest HUN"]
[Date "2008.12.21"]
[Round "4"]
[White "Magyar,O"]
[Black "Kerek,C"]
[Result "1/2-1/2"]
[WhiteElo "2296"]
[BlackElo "2293"]

1.e4 c5 2.Nf3 Nc6 3.Bb5 g6 4.O-O Bg7 5.Bxc6 dxc6 6.d3 Nf6 7.Nc3 O-O 8.h3 Qc7
9.Be3 b6 10.Qd2 Re8 11.Nh2 e5 12.Rae1 Ba6 13.b3 Rad8 14.Qc1 Nd7 15.Bh6 Bh8
16.Ng4 Qd6 17.Ne2 f5 18.exf5 gxf5 19.Qg5+ Qg6 20.Ne3 Bf6 21.Qxg6+ hxg6 22.Nd1 Nf8
23.f3 Ne6 24.Be3 Kg7 25.Nf2 Nd4 26.Nxd4 cxd4 27.Bd2 Rd7 28.g3 c5 29.a4 Bb7
30.Kg2 a6 31.Re2 Bc6 32.Ra1 Rde7 33.Ree1 Kf7 34.Rab1 Ra8 35.Ra1 Bd5 36.Ra2 Rc8
37.Ra3 Rb7 38.Rea1 Ke6 39.Re1 Kd6 40.Ra2 Re8 41.Raa1 Rc8 42.Ra3 Rc6 43.Rb1 Kd7
44.Ra2 Re6 45.Re1 b5 46.axb5 axb5 47.Ra5 Bd8 48.Ra8 Bc6 49.Rea1 c4 50.bxc4 bxc4
51.R8a7 c3 52.Bc1 Bd5 53.Rxb7+ Bxb7 54.h4 Ra6 55.Rxa6 Bxa6 56.Kf1 Bb7 57.Ke2 Ke6
58.Bh6 Bc6 59.Bg7 Bc7 60.Nh3 Kf7 61.Bh8 Kg8 62.Bf6 Kf7 63.Bh8 Kg8  1/2-1/2

[Event "Open A"]
[Site "Groningen NED"]
[Date "2008.12.21"]
[Round "1"]
[White "Rohit,G"]
[Black "Hirth,U"]
[Result "1-0"]
[WhiteElo "2457"]
[BlackElo "2163"]

1.e4 c5 2.Nf3 Nc6 3.Bb5 Qc7 4.Nc3 Nf6 5.O-O e5 6.Re1 Nd4 7.Bc4 Be7 8.d3 O-O
9.Bg5 d6 10.Bxf6 Bxf6 11.Nd5 Qd8 12.c3 Nxf3+ 13.Qxf3 Be6 14.Rad1 a6 15.a4 b5
16.axb5 axb5 17.Nxf6+ Qxf6 18.Qxf6 gxf6 19.Bxb5 Rfb8 20.c4 Ra2 21.Rb1 Rba8
22.Kf1 Kf8 23.Ke2 Ke7 24.Kd2 Kd8 25.Re3 f5 26.Rg3 R8a3 27.Kc1 Rb3 28.Kc2 Rb4
29.Kc3 fxe4 30.dxe4 f5 31.f3 fxe4 32.fxe4 Bf7 33.Rg7 Rxb5 34.cxb5 Bg6 35.Rd1 Bxe4
36.Rxd6+ Kc8 37.Rf6  1-0

[Event "Open A"]
[Site "Groningen NED"]
[Date "2008.12.21"]
[Round "1"]
[White "Van den Doel,E"]
[Black "Kuipers,S"]
[Result "1-0"]
[WhiteElo "2570"]
[BlackElo "2292"]

1.e4 c5 2.Nf3 Nc6 3.Bb5 g6 4.Bxc6 dxc6 5.d3 Bg7 6.Nbd2 Nh6 7.a4 a5 8.O-O f6
9.Nc4 e5 10.Be3 b6 11.b4 axb4 12.a5 Ng4 13.axb6 Nxe3 14.fxe3 Ba6 15.Nfd2 O-O
16.Ra5 Bb5 17.Qa1 Rb8 18.Qa2 Kh8 19.Ra7 f5 20.exf5 gxf5 21.Qb2 Qg5 22.Nf3 Qf6
23.Ncxe5 Rbe8 24.Re1 Re7 25.d4 Rxa7 26.bxa7 Qe7 27.Ra1 Ra8 28.Qa2 Bf6 29.Qf7 c4
30.Qxe7 Bxe7 31.Nd2 c5 32.Ndxc4 cxd4 33.Nb6  1-0

[Event "Open A"]
[Site "Groningen NED"]
[Date "2008.12.21"]
[Round "1"]
[White "Kuling,L"]
[Black "Venkatesh,M"]
[Result "0-1"]
[WhiteElo "2195"]
[BlackElo "2468"]

1.e4 c5 2.Nf3 Nc6 3.Bb5 Nf6 4.Nc3 Qc7 5.O-O Nd4 6.d3 a6 7.Bc4 e6 8.a4 Bd6
9.h3 b6 10.Be3 Nxf3+ 11.Qxf3 Bb7 12.Rad1 O-O 13.Qe2 Be7 14.Ba2 d5 15.exd5 exd5
16.d4 c4 17.Qf3 Qd7 18.Bb1 Bc6 19.Bg5 Rac8 20.Rfe1 Rfe8 21.Re5 h6 22.Bh4 Ne4
23.Bxe7 Rxe7 24.a5 b5 25.Rxe7 Qxe7 26.Nxe4 dxe4 27.Qf5 Rd8 28.c3 g6 29.Qf4 Kg7
30.g4 Rd6 31.Re1 Re6 32.Re3 Bd5 33.Kh2 b4 34.Kg2 bxc3 35.bxc3 Qb7 36.Bc2 Qb5
37.Bxe4 g5 38.Qf3 Rxe4 39.Rxe4 Qc6 40.Qe3 Bxe4+ 41.f3 Bd3 42.Qe5+ Qf6 43.Qb8 Be2
44.Qb7 Qf4 45.Qd5 Bd3 46.Qc5 Qd2+ 47.Kg1 Qe1+ 48.Kg2 Qf1+ 49.Kh2 Qf2+  0-1

[Event "8th Amplico AIG Life Rapid"]
[Site "Warsaw POL"]
[Date "2008.12.21"]
[Round "9"]
[White "Warakomski,T"]
[Black "Daskevics,Va"]
[Result "0-1"]
[WhiteElo "2488"]
[BlackElo "2326"]

1.e4 c5 2.Nf3 Nc6 3.Bb5 g6 4.Bxc6 bxc6 5.O-O Bg7 6.Re1 Nf6 7.d3 O-O 8.Nc3 Rb8
9.Qe2 d6 10.h3 e5 11.b3 Ne8 12.Bg5 f6 13.Bh4 Nc7 14.Na4 Ne6 15.c3 Ba6 16.Rad1 Bh6
17.Qc2 Qa5 18.d4 exd4 19.cxd4 Nxd4 20.Nxd4 cxd4 21.Qxc6 Bd2 22.Rxd2 Qxd2
23.Ra1 Bb5 24.Qxd6 Bxa4 25.bxa4 g5 26.Bg3 Rbd8 27.Qe6+ Rf7 28.Rf1 d3 29.f4 Qe3+
30.Kh2 d2 31.Rd1 Rd3 32.Qc8+ Kg7 33.Qg4 h5 34.Qf3 Qxf3 35.gxf3 Rc7  0-1

[Event "Open A"]
[Site "Groningen NED"]
[Date "2008.12.23"]
[Round "3"]
[White "Rohit,G"]
[Black "Reinderman,D"]
[Result "1/2-1/2"]
[WhiteElo "2457"]
[BlackElo "2543"]

1.e4 c5 2.Nf3 Nc6 3.Bb5 g6 4.Bxc6 dxc6 5.d3 Bg7 6.h3 Nf6 7.Nc3 O-O 8.Bf4 Nh5
9.Be3 Qd6 10.Qd2 e5 11.O-O-O Be6 12.g4 Nf4 13.Bxf4 exf4 14.e5 Bxe5 15.Nxe5 Qxe5
16.Rhe1 Qc7 17.Ne4 f5 18.Nxc5 Bd5 19.Ne6 Bxe6 20.Rxe6 fxg4  1/2-1/2

[Event "1st Asian Clubs"]
[Site "Al Ain UAE"]
[Date "2008.12.25"]
[Round "1"]
[White "Hussein,HA"]
[Black "Wang Hao"]
[Result "0-1"]
[WhiteElo "2354"]
[BlackElo "2696"]

1.e4 c5 2.Nf3 Nc6 3.Bb5 g6 4.O-O Bg7 5.Re1 e5 6.c3 Nge7 7.d3 O-O 8.Na3 d6
9.h3 a6 10.Bxc6 Nxc6 11.Nc4 h6 12.Ne3 Be6 13.c4 f5 14.Nd5 b5 15.b3 Ra7 16.Be3 Raf7
17.Kh2 fxe4 18.dxe4 Rxf3 19.gxf3 Qh4 20.Rh1 Bxh3 21.Kg1 Nd4 22.Rxh3 Qxh3
23.Bxd4 exd4 24.Qf1 Qxf3 25.Qg2 Qh5 26.f4 d3 27.Ne7+ Kh7  0-1

[Event "46th ch-IND National A"]
[Site "Mangalore IND"]
[Date "2008.12.25"]
[Round "8"]
[White "Rathnakaran,K"]
[Black "Ganguly,S"]
[Result "1/2-1/2"]
[WhiteElo "2458"]
[BlackElo "2603"]

1.e4 c5 2.Nf3 Nc6 3.Bb5 g6 4.O-O Bg7 5.Re1 e5 6.c3 Nge7 7.d4 cxd4 8.cxd4 Nxd4
9.Nxd4 exd4 10.Na3 O-O 11.Bg5 h6 12.Bh4 d6 13.f4 Qc7 14.Rc1 Nc6 15.Bxc6 bxc6
16.Nb5 Qb6 17.Nxd6 d3+ 18.Kh1 Qd4 19.Nc4 Re8 20.Re3 Ba6 21.Rxd3 Qxe4 22.Re3 Qxf4
23.Bg3 Qd4 24.Rd3 Qe4 25.Re3 Qd4 26.Rd3 Qe4 27.Re3 Qd5 28.Rd3 Qg5 29.h4 Qf5
30.Rf3 Qg4 31.Qb3 Bxc4 32.Rxc4 Qe6 33.Qc2 Rad8 34.b3 Qe2 35.Qxe2 Rxe2 36.Rxc6 Rxa2
37.Rc7 Rd1+ 38.Kh2 Raa1 39.Rc8+ Kh7 40.Bd6 Rf1 41.Rc7 Rxf3 42.gxf3 Ra6 43.Bg3 Kg8
44.Rc8+ Kh7 45.Rc7 Rf6 46.Kg2 a6 47.b4 Bf8 48.Rb7 Rf5 49.Rb6 Rb5 50.Rxa6 Bxb4
51.Ra2 Bc3 52.Ra7 Kg7 53.Rd7 Bf6 54.Ra7 Rb4 55.Kh3 Rc4 56.Rb7 Ra4 57.Rd7 Ra5
58.Rb7 Rh5 59.Rb4 Ra5 60.Rb7 Rf5 61.Kg2 Rd5 62.Kh3 Bd8 63.Kg2 Kf6 64.Bf4 Kg7
65.Bg3 h5 66.Kh3 Kf6 67.Ra7 Ke6 68.Ra6+ Kf5 69.Ra4 f6 70.Re4 g5 71.hxg5 fxg5
72.Re2 Bf6 73.Kg2 Rb5 74.Rc2 Bd4 75.Rd2 Be3 76.Ra2 Bb6 77.Re2 Rb3 78.Re5+ Kf6
79.Re2 h4 80.Bh2 Kf5 81.Re5+ Kg6 82.Rd5 Kf6 83.Rd6+ Kf5 84.Rd5+ Kg6 85.Rd2 Kh5
86.Rc2 Ba7 87.Ra2 h3+ 88.Kxh3 g4+ 89.Kg2 gxf3+ 90.Kh3 Bb6 91.Ra1 Kg5 92.Bg3 Kf5
93.Ra8 Ke4 94.Re8+ Kd3 95.Kg4 f2 96.Bxf2 Bxf2 97.Rd8+ Bd4 98.Re8 Rb1 99.Kf5 Rf1+
100.Ke6 Rg1 101.Kf5 Rf1+ 102.Ke6 Re1+ 103.Kd7 Be5 104.Kc6 Ke4 105.Rd8 Rc1+
106.Kb5 Bd4 107.Rg8 Bf6 108.Rf8 Ke5 109.Rf7 Ke6 110.Rf8 Be5 111.Rf3 Kd5 112.Rf5 Rb1+
113.Ka5 Kd4 114.Ka6 Bd6 115.Rb5 Rh1 116.Kb6 Rh6 117.Rb1 Bc5+ 118.Kc7 Kd5
119.Rd1+ Bd4 120.Rd2 Rh7+ 121.Kd8 Ke5 122.Kc8 Bc5 123.Rd7 Rh1 124.Rg7 Kd5
125.Kd7 Bd6 126.Ke8 Rh8+ 127.Kf7 Rf8+ 128.Kg6 Ke6 129.Kh5 Be5 130.Rg6+ Kf5
131.Rg5+ Ke4 132.Kg6 Rf6+ 133.Kh7 Ra6 134.Rh5 Kf4 135.Kg8 Bf6 136.Kf7 Bg5
137.Rh1 Kf5 138.Rf1+ Bf4 139.Ke7 Ra7+ 140.Kd8 Ke5 141.Rd1 Ke6 142.Ke8 Rh7
143.Re1+ Be5 144.Rf1 Re7+ 145.Kf8 Rc7 146.Kg8 Rg7+  1/2-1/2

[Event "1st Asian Clubs"]
[Site "Al Ain UAE"]
[Date "2008.12.26"]
[Round "2"]
[White "Toufighi,H"]
[Black "Wen Yang"]
[Result "0-1"]
[WhiteElo "2470"]
[BlackElo "2508"]

1.e4 c5 2.Nf3 Nc6 3.Bb5 g6 4.O-O Bg7 5.Re1 Nf6 6.e5 Nd5 7.Nc3 Nc7 8.Bxc6 dxc6
9.Ne4 b6 10.Nf6+ Kf8 11.Ne4 Bg4 12.d3 Ne6 13.Ned2 Bh5 14.h3 g5 15.Ne4 h6
16.Ng3 Bg6 17.h4 Qd5 18.hxg5 hxg5 19.Nxg5 Nxg5 20.Bxg5 Bxe5 21.Qg4 Re8 22.Rab1 Bd6
23.b3 f5 24.Qc4 f4 25.Qxd5 cxd5 26.Ne2 e5 27.g4 Kf7 28.Kg2 f3+ 29.Kxf3 e4+
30.Kg2 exd3 31.cxd3 Bxd3 32.Ng3 Bxb1 33.Rxb1 Bxg3 34.Kxg3 Kg6 35.Bd2 Re2
36.Rd1 d4 37.f4 Reh2 38.f5+ Kf6 39.Be1 Rh1 40.Kg2 R8h2+ 41.Kf3 Rf1+  0-1

[Event "5th Open"]
[Site "Vandoeuvre les Nancy FRA"]
[Date "2008.12.26"]
[Round "2"]
[White "Velicka,P"]
[Black "Jeitz,C"]
[Result "1-0"]
[WhiteElo "2464"]
[BlackElo "2251"]

1.e4 c5 2.Nf3 Nc6 3.Bb5 g6 4.Bxc6 dxc6 5.d3 Bg7 6.h3 e5 7.Be3 Qe7 8.Qd2 Nf6
9.Nc3 Nd7 10.Bh6 Bxh6 11.Qxh6 f6 12.Nh2 Nf8 13.f4 exf4 14.Qxf4 Ne6 15.Qf2 Nd4
16.Nf3 Nxf3+ 17.Qxf3 Bd7 18.O-O O-O 19.Qg3 Rae8 20.a4 Qe5 21.Qxe5 Rxe5 22.a5 Kg7
23.b3 h5 24.h4 Bg4 25.Kh2 f5 26.exf5 Bxf5 27.Rfe1 Rfe8 28.Rxe5 Rxe5 29.Kg3 Re7
30.Kf4 Kf6 31.Rd1 Rd7 32.Re1 Rd4+ 33.Ne4+ Bxe4 34.Rxe4 Rd8 35.g3 a6 36.g4 hxg4
37.Kxg4 Rd5 38.Re8 Rd4+ 39.Kg3 Rb4 40.Re4 Rb5 41.Ra4 Kf5 42.Rf4+ Ke6 43.Ra4 Kf5
44.Ra3 Rb4 45.c4 Ke5 46.Kg4 Kf6 47.Kf4 Ke6 48.Ke4 Kd6 49.Ke3 Ke5 50.Kd2 b5
51.axb6 Rxb6 52.Kc3 Kf4 53.Ra1 Kg4 54.Rg1+ Kxh4 55.Rxg6 Kh5 56.Re6 Kg5 57.Re5+ Kf6
58.Rxc5 Ke6 59.Ra5 Kd7 60.b4 Rb8 61.Rxa6 Rh8 62.Ra7+ Ke6 63.Kd4 Rh5 64.Rg7 Kd6
65.c5+ Ke6 66.Rc7  1-0

[Event "Christmas Master Open"]
[Site "Zurich SUI"]
[Date "2008.12.26"]
[Round "1"]
[White "Czebe,A"]
[Black "Monteforte Fink,K"]
[Result "1-0"]
[WhiteElo "2468"]
[BlackElo "2113"]

1.e4 c5 2.Nf3 Nc6 3.Bb5 Qc7 4.O-O e6 5.c3 Nf6 6.Re1 Be7 7.d4 O-O 8.d5 Ne5
9.Nxe5 Qxe5 10.d6 Bd8 11.f4 Qh5 12.Be2 Qg6 13.Bf3 h6 14.Nd2 Rb8 15.a4 b6
16.Nf1 Bb7 17.Ng3 Ne8 18.f5 Qh7 19.a5 Bh4 20.axb6 axb6 21.Ra7 Nf6 22.Rxb7 Rxb7
23.e5 Nd5 24.c4 Bxg3 25.hxg3 Qxf5 26.Be4 Qxe5 27.Bh7+ Kxh7 28.Rxe5 Nb4 29.Rh5 Ra7
30.Bxh6 f5 31.Qc1  1-0

[Event "Christmas Master Open"]
[Site "Zurich SUI"]
[Date "2008.12.26"]
[Round "1"]
[White "Jenni,F"]
[Black "Eidinger,H"]
[Result "1-0"]
[WhiteElo "2543"]
[BlackElo "2150"]

1.e4 c5 2.Nf3 Nc6 3.Bb5 g6 4.O-O Bg7 5.Bxc6 dxc6 6.h3 Nf6 7.d3 O-O 8.Be3 Nxe4
9.dxe4 Qxd1 10.Rxd1 Bxb2 11.Nbd2 Bxa1 12.Rxa1 b6 13.a4 f5 14.exf5 gxf5 15.Bf4 Ba6
16.Re1 Rfe8 17.Ne5 Rac8 18.Re3 h6 19.Rg3+ Kh7 20.Rg6 Rcd8 21.Rxh6+ Kg7 22.Rg6+ Kh7
23.Ndf3 Rd1+ 24.Kh2 Rf8 25.Bh6  1-0

[Event "46th ch-IND National A"]
[Site "Mangalore IND"]
[Date "2008.12.27"]
[Round "10"]
[White "Shyam,SM"]
[Black "Akshayraj,K"]
[Result "1/2-1/2"]
[WhiteElo "2402"]
[BlackElo "2400"]

1.e4 c5 2.Nf3 Nc6 3.Bb5 g6 4.O-O Bg7 5.Re1 Nh6 6.c3 O-O 7.h3 d5 8.d3 Na5
9.Bg5 f6 10.Be3 a6 11.Ba4 b5 12.Bc2 Qd6 13.b4 cxb4 14.cxb4 Qxb4 15.Bd2 Qc5
16.Bxa5 b4 17.Bb3 Bb7 18.Bxd5+ Bxd5 19.Qa4 Be6 20.Bxb4 Qh5 21.Nbd2 f5 22.Rac1 fxe4
23.dxe4 Bxh3 24.gxh3 Qxh3 25.Qb3+ Kh8 26.Nh2 Qh5 27.Qg3 Qb5 28.Bxe7 Rfe8
29.Bg5 Nf7 30.Ndf3 Nxg5 31.Qxg5 Qa4 32.Rc7 Qxa2 33.e5 Qe6 34.Rd1 Rac8 35.Rxc8 Qxc8
36.Qg4 Qc6 37.Qd7 Qxd7 38.Rxd7 Bxe5 39.Nxe5 Rxe5 40.Nf3 Rf5 41.Kg2 Kg8 42.Ra7 a5
43.Kg3 Rb5 44.Nd4 Rd5 45.Nc6 Rg5+ 46.Kf4 Rc5 47.Ne5 Rb5 48.f3 a4 49.Rxa4 Rb7
50.Rd4 Kg7 51.Kg4 Kf6 52.Nd7+ Kg7 53.f4 h5+ 54.Kh4 Rb1 55.Ne5 Kf6 56.Nf3 Kf5
57.Kg3 Rb6 58.Rd5+ Kf6 59.Kh4 Rb4 60.Kg3 Rb6 61.Rg5 Rb3 62.Ra5 Rb6 63.Ra8 Rb3
64.Kf2 Rc3 65.Ra5 Rd3 66.Rg5 Ra3 67.Nh4 Ra2+ 68.Ke1 Ra4 69.Rxg6+ Kf7 70.Rg5 Rxf4
71.Rxh5 Ra4 72.Kf2 Ra3 73.Rh6 Ke7 74.Nf5+ Kd7 75.Ne3 Rd3 76.Kf3 Rd4 77.Nf5 Ra4
78.Ke3 Rg4 79.Kd3 Rf4 80.Nd4 Ke7 81.Kc4 Rf6 82.Rh5 Rf1 83.Kd5 Re1 84.Rh6 Kf7
85.Ra6 Ke7 86.Nf3 Rd1+ 87.Ke5 Kd7 88.Nd4 Re1+ 89.Kd5 Ke7 90.Nc6+ Kf6 91.Ne5+ Kf5
92.Nf3 Re8 93.Nd4+ Kf4 94.Ne6+ Ke3 95.Ra3+ Ke2 96.Ke5 Kd2 97.Kd5 Ke2 98.Nf4+ Kf2
99.Kd4 Rd8+ 100.Nd5 Re8 101.Nf6 Re7 102.Ne4+ Kg2 103.Ke3 Re8 104.Ra2+ Kh3
105.Ra7 Kg4 106.Rg7+ Kf5 107.Rg5+ Ke6 108.Ra5 Rh8 109.Ng5+ Kf6 110.Nf3 Rb8
111.Ra6+ Ke7 112.Ne5 Rb1 113.Kd4 Rd1+ 114.Nd3 Kf7 115.Ke4 Ke7 116.Ra7+ Kd6  1/2-1/2

[Event "5th Open"]
[Site "Vandoeuvre les Nancy FRA"]
[Date "2008.12.27"]
[Round "3"]
[White "Jeitz,C"]
[Black "Jardine,L"]
[Result "1-0"]
[WhiteElo "2251"]
[BlackElo "1931"]

1.e4 c5 2.Nf3 Nc6 3.Bb5 g6 4.O-O Bg7 5.c3 d5 6.exd5 Qxd5 7.d4 cxd4 8.Bxc6+ Qxc6
9.cxd4 Bg4 10.d5 Qd7 11.Nc3 Nh6 12.h3 Bh5 13.d6 O-O 14.dxe7 Qxe7 15.Nd5 Qe4
16.Bxh6  1-0

[Event "Masters"]
[Site "Hastings ENG"]
[Date "2008.12.28"]
[Round "1"]
[White "Adair,J"]
[Black "Rolvaag,M"]
[Result "1-0"]
[WhiteElo "2072"]
[BlackElo "2260"]

1.e4 c5 2.Nf3 Nc6 3.Bb5 Qb6 4.Bxc6 bxc6 5.b3 d6 6.e5 f6 7.exd6 exd6 8.O-O Ne7
9.Re1 Kf7 10.Nc3 Nf5 11.Bb2 Be7 12.d4 cxd4 13.Na4 Qc7 14.Nxd4 Nxd4 15.Qxd4 Bf5
16.Qf4 Qd7 17.Rad1 Rhe8 18.Nc5 Qc8 19.Nb7 Qd7 20.Nc5 Qc8 21.Nb7 Qd7 22.Ba3 g5
23.Qf3 Kg6 24.Nc5 Qc8 25.Ne4 d5 26.Ng3 Be6 27.Bxe7 Rxe7 28.Qh5+  1-0

[Event "Open"]
[Site "Pamplona ESP"]
[Date "2008.12.28"]
[Round "8"]
[White "Rudolf,An"]
[Black "Huerga Leache,M"]
[Result "0-1"]
[WhiteElo "2318"]
[BlackElo "2417"]

1.e4 c5 2.Nf3 Nc6 3.Bb5 a6 4.Bxc6 dxc6 5.d3 Qc7 6.e5 Bg4 7.Nbd2 Nh6 8.h3 Bxf3
9.Nxf3 Nf5 10.Bf4 Rd8 11.Qe2 e6 12.O-O Be7 13.g4 Nd4 14.Nxd4 cxd4 15.Bg3 h5
16.f4 hxg4 17.hxg4 g6 18.Kg2 Qa5 19.Qe4 Qb4 20.b3 Qc5 21.Rf2 Kd7 22.Re2 Rh7
23.Rh1 Rxh1 24.Kxh1 Rh8+ 25.Kg2 Qc3 26.Be1 Qa1 27.a4 Kc8 28.Rf2 Qc1 29.Qe2 Bh4
30.Rf1 Bxe1 31.Rxe1 Qxf4 32.Rh1 Rxh1 33.Kxh1 Kd7 34.b4 Ke7 35.Kg2 Kf8 36.Qe4 Qd2+
37.Kg3 Qxb4 38.Qf4 Qe1+ 39.Kg2 Qe2+ 40.Kg3 c5 41.Qf6 Qe3+ 42.Kg2 Qd2+ 43.Kg3 Qe1+
44.Kg2 Qe2+ 45.Kg3 Qe3+ 46.Kg2 g5 47.Qh8+ Ke7 48.Qb8 Qe2+ 49.Kg3 Qe1+ 50.Kg2 Qd2+
51.Kh3 Qa5 52.Qxb7+ Kf8 53.Qd7 Qb6 54.Qc8+ Kg7 55.Qa8 Qb1 56.Qf3 Qc1 57.Qf6+ Kg8
58.Qd8+ Kh7 59.Qf8 Qf1+ 60.Kg3 Qf4+ 61.Kh3 Qf3+ 62.Kh2 Qf2+ 63.Kh3 Qh4+ 64.Kg2 Qxg4+
65.Kh2 Qe2+ 66.Kh3 Qf3+ 67.Kh2 g4  0-1

[Event "5th Open"]
[Site "Vandoeuvre les Nancy FRA"]
[Date "2008.12.28"]
[Round "5"]
[White "Abergel,T"]
[Black "Guichard,P"]
[Result "1-0"]
[WhiteElo "2509"]
[BlackElo "2277"]

1.e4 c5 2.Nf3 Nc6 3.Bb5 g6 4.O-O Bg7 5.c3 Nf6 6.Qa4 O-O 7.d4 cxd4 8.cxd4 d5
9.e5 Nd7 10.Nc3 Nb6 11.Qd1 Bg4 12.Bxc6 bxc6 13.h3 Bxf3 14.Qxf3 f6 15.exf6 Bxf6
16.Qd3 Nc4 17.b3 Nd6 18.Bf4 Qd7 19.Be5 Bxe5 20.dxe5 Nb7 21.Na4 Rf5 22.Rfe1 Raf8
23.Re2 Rf4 24.Rc1 Qe6 25.Qa6 Nd8 26.Qxa7 Nf7 27.Nc5 Qf5 28.Qd7 Qh5 29.Rce1 Ng5
30.Qxc6 Kh8 31.Qd7 R4f5 32.Re3 Qh4 33.Nd3 d4 34.Rg3 e6 35.Kh2 R5f7 36.Qd6 Kg7
37.Rg4 Qh6 38.f4 Nxh3 39.gxh3 Rxf4 40.Nxf4 Rxf4 41.Qe7+  1-0

[Event "1st Asian Clubs"]
[Site "Al Ain UAE"]
[Date "2008.12.29"]
[Round "5"]
[White "Zhou Weiqi"]
[Black "Jobava,Ba"]
[Result "0-1"]
[WhiteElo "2548"]
[BlackElo "2664"]

1.e4 c5 2.Nf3 Nc6 3.Bb5 d6 4.O-O Bd7 5.c3 Nf6 6.Re1 e6 7.d4 Be7 8.dxc5 dxc5
9.Na3 a6 10.Bf1 b5 11.e5 Nd5 12.c4 bxc4 13.Nxc4 O-O 14.a3 Na5 15.Nxa5 Qxa5
16.Bg5 Ba4 17.Qd3 Bb5 18.Qe4 Bxf1 19.Bxe7 Nxe7 20.b4 cxb4 21.axb4 Qd5 22.Kxf1 Rfb8
23.Qe2 Qb5 24.Qxb5 Rxb5 25.Reb1 Nc6 26.Ne1 Rxb4 27.Nd3 Rxb1+ 28.Rxb1 a5 29.Rb6 Nd4
30.Nc5 g5 31.Rd6 Rc8 32.Rxd4 Rxc5 33.Re4 h5 34.h3 Kg7 35.g4 Rb5 36.f3 h4
37.Kf2 Rb4 38.Re2 a4 39.Ra2 Kf8 40.Rc2 Rb8 41.Ra2 Ra8 42.f4 a3 43.fxg5 Kg7
44.Kf3 Kg6 45.Kf4 Ra4+ 46.Kf3 Kxg5 47.Ke3 f5 48.exf6 Kxf6 49.Ke2 Ra5  0-1

[Event "Open A"]
[Site "Groningen NED"]
[Date "2008.12.29"]
[Round "8"]
[White "Van der Wiel,J"]
[Black "Reinderman,D"]
[Result "1/2-1/2"]
[WhiteElo "2501"]
[BlackElo "2543"]

1.e4 c5 2.Nf3 Nc6 3.Bb5 Nf6 4.Nc3 g6 5.Bxc6 dxc6 6.d3 Bg7 7.Be3 b6 8.h3 O-O
9.Qd2 e5 10.Bh6 Qd6 11.g4 a5 12.O-O-O a4 13.Qg5 Re8 14.Ne2 c4 15.Bxg7 Kxg7
16.dxc4 Qc5 17.Nc3 b5 18.Nd2 bxc4 19.a3 Be6 20.Rhe1 Reb8 21.Qe3 Qe7 22.Ne2  1/2-1/2

[Event "Open A"]
[Site "Gjovik NOR"]
[Date "2008.12.30"]
[Round "2"]
[White "Kulaots,K"]
[Black "Umudova,N"]
[Result "1-0"]
[WhiteElo "2556"]
[BlackElo "2219"]

1.e4 c5 2.Nf3 Nc6 3.Bb5 g6 4.Bxc6 bxc6 5.O-O Bg7 6.Re1 Nh6 7.d3 O-O 8.Nbd2 e5
9.a3 a5 10.a4 d6 11.Nc4 f5 12.Bd2 Nf7 13.Bc3 Be6 14.b3 g5 15.Nfd2 f4 16.h3 Nh8
17.Nf3 g4 18.hxg4 Bxg4 19.Ncd2 Ng6 20.Nf1 Bf6 21.N1h2 h5 22.Nxg4 hxg4 23.Nh2 g3
24.fxg3 fxg3 25.Nf1 Bh4 26.Qg4 Qf6 27.Ne3 Qf2+ 28.Kh1 Kg7 29.Re2 Qf6 30.Nf5+ Kf7
31.Rf1 Rh8 32.Nxd6+ Ke7 33.Rxf6 Bxf6+ 34.Kg1 Nf4 35.Nf5+ Kf7 36.Nd6+ Ke7
37.Nf5+ Kf7 38.Nxg3 Rag8 39.Qd7+ Kf8 40.Rf2 Rxg3 41.Rxf4  1-0

[Event "38th Rilton Cup 2008-9"]
[Site "Stockholm SWE"]
[Date "2008.12.31"]
[Round "5"]
[White "Krantz,C"]
[Black "Berczes,C"]
[Result "1-0"]
[WhiteElo "2084"]
[BlackElo "2399"]

1.e4 c5 2.Nf3 Nc6 3.Bb5 g6 4.Bxc6 dxc6 5.d3 Bg7 6.Nc3 Nf6 7.h3 O-O 8.Be3 b6
9.Qd2 Ne8 10.Bh6 f6 11.e5 Nc7 12.O-O-O Be6 13.h4 Qd7 14.Ne4 Bg4 15.Bxg7 Kxg7
16.h5 g5 17.exf6+ exf6 18.Nxf6 Qf5 19.Nxg4 Qxg4 20.Qc3+ Kh6 21.Nh2 Qf4+ 22.Kb1 Nd5
23.Qc4 Kxh5 24.Qa6 Kg6 25.Rde1 Rae8 26.Nf3 Qc7 27.d4 b5 28.dxc5 Rxe1+ 29.Rxe1 Kg7
30.Nxg5 Nf4 31.g3 h6 32.gxf4 hxg5 33.fxg5 Rxf2 34.Qa3 Qe5 35.Qxa7+ Kg6 36.Rd1 Qd5
37.Rc1 Rf5 38.a3 Rxg5 39.Rf1 Rf5 40.Rg1+ Rg5 41.Rc1 Qxc5 42.Qxc5 Rxc5 43.Rf1 Kg5
44.b3 Re5 45.Kb2 Re4 46.Rf8 Re3 47.a4 bxa4 48.bxa4 Kg6 49.Rf1 Re8 50.Kc3 Ra8
51.Kb4 Ra6 52.a5 Kg7 53.c4 Kg8 54.Kc5 Kg7 55.Kd6 c5+ 56.Kxc5 Rxa5+ 57.Kb6 Ra2
58.c5 Rb2+ 59.Kc7 Rc2 60.c6 Rc3 61.Kb7 Rb3+ 62.Kc8 Rb2 63.c7 Kg8 64.Rd1 Kf7
65.Kd8 Rh2 66.c8=Q Rh8+ 67.Kd7  1-0

[Event "Masters"]
[Site "Hastings ENG"]
[Date "2009.01.01"]
[Round "5"]
[White "Zhou,Y"]
[Black "Roelvaag,M"]
[Result "0-1"]
[WhiteElo "2276"]
[BlackElo "2199"]

1.e4 c5 2.Nf3 Nc6 3.Bb5 g6 4.Bxc6 dxc6 5.d3 Bg7 6.h3 Nf6 7.Nc3 Nd7 8.Be3 e5
9.Qd2 Qe7 10.a3 a5 11.O-O f6 12.Nh2 g5 13.Na4 b5 14.Nc3 Nf8 15.a4 b4 16.Ne2 Ne6
17.Ng3 Ba6 18.Nf5 Qd7 19.h4 h6 20.Qe2 O-O-O 21.Qh5 Rdg8 22.Rfd1 Kc7 23.c3 Bf8
24.Ng4 Ng7 25.Nxg7 Qxg7 26.Nh2 gxh4 27.Qf3 Bc8 28.d4 h5 29.dxc5 b3 30.c4 Rh7
31.Rd6 Bxd6 32.cxd6+ Kxd6 33.Bb6 Ke7 34.Bxa5 Rh6 35.Kf1 h3 36.g3 h4 37.g4 Bxg4
38.Qxb3 Bc8 39.Ke2 Qg2 40.Qe3 Rh7 41.Qa7+ Bd7 42.Rd1 Qxe4+ 43.Kd2 Qxc4 44.Nf3 Rg4
45.Qc7 Rhg7 46.Bc3 Ke8 47.Qb8+ Kf7 48.Bxe5 Bf5 49.Qc7+ Kg6 50.Nxh4+ Rxh4
51.Rg1+ Rg4  0-1